The economics of natural resources use

Պահպանված է:
Մատենագիտական մանրամասներ
Հիմնական հեղինակներ: Hartwick, John M (Հեղինակ), Olewiler, Nancy D (Հեղինակ)
Ձևաչափ: Գիրք
Լեզու:անգլերեն
Հրապարակվել է: Reading Addison-Wesley 1998
Հրատարակություն:2a. ed
Շարք:The Addison-Wesley Series in Economics
Խորագրեր:
Ցուցիչներ: Ավելացրեք ցուցիչ
Չկան պիտակներ, Եղեք առաջինը, ով նշում է այս գրառումը!

MARC

LEADER 00000nam a2200000 a 4500
001 UCI9955
003 CL-VaPUC
008 081218e19980000US |||||||||||||||||eng|d
020 |a 0321014286 
082 0 4 |a 337.713  |b HAR  |2 21 
100 0 |a Hartwick, John M  |e author  |9 533995 
700 0 |a Olewiler, Nancy D  |e author  |9 533996 
245 1 4 |a The economics of natural resources use 
250 |a 2a. ed 
300 |a 432 p 
942 |c BK 
945 |d 20081218 00:00:00  |a jtorresc 
260 |a Reading  |b Addison-Wesley  |c 1998 
650 0 |a Recursos naturales  |9 255232 
650 0 |a Política ambiental  |9 262970 
650 0 |a Aspectos económicos  |9 255165 
583 |a last modification  |c 20161003 11:12:50  |k Rodrigo Vera 
490 0 |a The Addison-Wesley Series in Economics 
999 |c 332380  |d 332378 
952 |0 0  |1 0  |4 0  |6 337_713000000000000_HAR_1998  |7 0  |8 CCM  |9 420020  |a BIBCUR  |b BIBCUR  |d 2019-11-22  |i 4506731  |o 337.713 HAR 1998  |p 4506731  |r 2025-04-22  |w 2019-11-22  |y BK  |k CIM 
952 |0 0  |1 0  |4 0  |6 337_713000000000000_HAR_1998  |7 0  |8 A  |9 420021  |a BIBCUR  |b BIBCUR  |d 2019-11-22  |i 450674K  |l 2  |o 337.713 HAR 1998  |p 450674K  |r 2025-04-22  |s 2021-06-10  |w 2019-11-22  |y BK  |k CIM